000 01211cab a22002535a 4500
001 L143763
008 080529e20080524xxk f 000 0 eng d
035 _a(Sirsi) u143763
041 0 _aeng
100 1 _aElghamry, Nadia
245 0 0 _aFocus
_bNorth and West Yorkshire
260 _c2008
490 _aEstates Gazette
_v(0820) 24 May 2008, 105-125(15)
520 _aReports that plans for a major office park in Bradford have been shelved, but other developments are becoming available. Reports that after the failure of Land Security's bid to extend a shopping centre close to Clifford's Tower in York city centre, LaSalle Investment is to attempt a similar scheme. Examines the priorities held by office occupiers in Leeds. Reports that although there is significant retail development in Leeds, much of it will not be completed for a number of years. Assesses the tough climate for Leeds' agencies.
590 _aKA
651 4 _aYorkshire
_y1888-
690 _aPROPERTY-COMMERCIAL PROPERTY-COMMERCIAL PROPERTY MARKET
700 1 _aQuinn, David
700 1 _aCunningham, Daniel
700 1 _aBlincoe, Alana Juman
700 1 _aMeadwell, Stacey
710 _aEstates Gazette
_9298
942 _n0
999 _c80263
_d80263